000 00692nam a2200241Ia 4500
003 OSt
005 20220926005305.0
006 a|||||r|||| 00| 0
007 ta
008 220923b |||||||| |||| 00| 0 eng d
037 _cGeneral Book
040 _aRTL
_cRTL
_beng
041 _2eng
_aeng
082 _aX:533.49G, hN83:g, N1
100 _aNahar Emanual
_9310018
245 0 _aSAARC
_b Problems and prospects
260 _a New Delhi
_bSehgal Publishers India
_c1991
300 _a78p. Bib chapterwise
_ccm.
650 _a Free Trade
650 _aEconomics
942 _hX:533.49G, hN83:g, N1
_cGB
_2CC
999 _c613451
_d613451